A for apple ... or absquatulate Quiz Stats

 Plays Quiz not verified by Sporcle

Challenge
Share
Tweet
Embed
Score 0/41 Timer 10:00
0 Plays Today
category Answers % Correct
fruit and vegApple
79.2%
counrtyAlbania
66.7%
-------------------------------------------------------------
66.7%
-------------------------------------------------------------
66.7%
-------------------------------------------------------------
66.7%
-------------------------------------------------------------
66.7%
-------------------------------------------------------------
66.7%
-------------------------------------------------------------
66.7%
countryAfghanistan
62.5%
countryAzerbaijan
62.5%
countryAustralia
58.3%
countryAustria
58.3%
countryAngola
54.2%
countryAndorra
50%
countryArmenia
50%
countryAlgeria
45.8%
countryAntigua
45.8%
countryArgentina
45.8%
fruit and vegAsparagus
45.8%
fruit and vegArtichoke
41.7%
books of the bibleActs
41.7%
category Answers % Correct
shakespeare playsAll's well that ends well
37.5%
elementsArgon
37.5%
disney animated filmsAladdin
33.3%
fruit and vegApricot
29.2%
shakespeare playsAntony and Cleopatra
29.2%
elementsAluminum
29.2%
elementsArsenic
25%
fruit and vegAvacado
20.8%
disney animated filmsA bug's life
20.8%
elementsActinium
20.8%
books of the bibleAmos
16.7%
elementsAntimony
16.7%
elementsAstatine
16.7%
shakespeare playsAs you like it
12.5%
elementsAmericium
12.5%
disney animated filmsAtlantis
8.3%
fruit and vegAubergene
4.2%
disney animated filmsAlice in Wonderland
4.2%
disney animated filmsA goofy movie
0%
disney animated filmsA christmas Carol
0%

You're not logged in!

Compare scores with friends on all Sporcle quizzes.
OR
Log In

You Might Also Like...

Show Comments

Extras

Created Jan 14, 2011ReportNominate
Tags:apple, Begins With, category

Top Quizzes Today


Score Distribution

Your Account Isn't Verified!

In order to create a playlist on Sporcle, you need to verify the email address you used during registration. Go to your Sporcle Settings to finish the process.

Report this User

Report this user for behavior that violates our Community Guidelines.

Details: